000 00752nam a2200253 a 4500
008
020 _a0697100804 (pbk.)
049 _aMAIN
090 _aRM316.C7
_bCAR
100 1 _aCarroll, Charles R.
245 1 0 _aDrugs in modern society /
_cCharles R. Carroll.
250 _a3rd ed.
260 _aDubuque, Iowa :
_bBrown & Benchmark ,
_cc1993.
300 _axix, 553 p. :
_bill. ;
_c24 cm.
500 _aIncludes index.
504 _aIncludes bibliographical references.
650 0 _aDrug abuse
_xPhysiological aspects.
650 0 _aNeuropsychopharmacology.
907 _a.b10153111
_b17-07-12
_c22-02-05
003
005 20230120203914.0
040 _cNUST
942 _cBOOKS
_kRM316.C7
_mCAR
999 _c113619
_d113619